Twice Albums by the B-side - Statistics

General Stats
  • This quiz has been taken 284 times
  • The average score is 11 of 16
Answer Stats
Hint Answer % Correct
~Icon~ Formula of Love: O+T=<3
87%
~Go Hard~ Eyes Wide Open
83%
~Moonlight Sunrise~ Ready to Be
83%
~Queen of Hearts~ Between 1&2
81%
~Scandal~ Taste of Love
75%
~Look at Me~ twicetagram
72%
~Firework~ More & More
68%
~Get Loud~ Feel Special
66%
~Sweet Talker~ What is Love?
65%
~Stuck in my Head~ Fancy You
62%
~Touchdown~ Page 2
61%
~Like a Fool~ The Story Begins
61%
~Only You~ Signal
56%
~Ice Cream~ TWICEcoaster : Lane 2
56%
~Say You Love Me~ Yes or Yes
50%
~Next Page~ TWICEcoaster : Lane 1
47%
No matching quizzes found
Score Distribution
Percent of People with Each Score
Percentile by Number Answered
Your Score History
You have not taken this quiz